How to take charge of your life (Record no. 33469)

MARC details
000 -LEADER
fixed length control field 00308nam a2200121Ia 4500
082 ## - DEWEY DECIMAL CLASSIFICATION NUMBER
Classification number 159.9
Item number NEW
100 ## - MAIN ENTRY--AUTHOR NAME
Personal name Berkowitz, Benard
245 #0 - TITLE STATEMENT
Title How to take charge of your life
260 ## - PUBLICATION, DISTRIBUTION, ETC. (IMPRINT)
Place of publication New York
Name of publisher Bantam
Year of publication 1977
700 ## - ADDED ENTRY--PERSONAL NAME
Personal name Newman, Mildred
942 ## - ADDED ENTRY ELEMENTS (KOHA)
Koha item type Books
Holdings
Withdrawn status Lost status Damaged status Not for loan Home library Current library Date acquired Cost, normal purchase price Full call number Accession Number Koha item type
        RRII Library RRII Library 16/12/2021 1.95 159.9 NEW 13966 Books